[Event "Winnipeg TNT September op"]
[Site "Winnipeg"]
[Date "2008.09.16"]
[Round "3"]
[White "Khedkar, Jay S"]
[Black "Liu, Weixi"]
[Result "1/2-1/2"]
[WhiteElo "1914"]
[BlackElo "1942"]
[PlyCount "51"]
[EventDate "2008.09.02"]
[EventType "swiss"]
[EventRounds "5"]
[EventCountry "CAN"]
[SourceTitle "EXT 2011"]
[Source "ChessBase"]
[SourceDate "2010.11.26"]
[SourceVersion "1"]
[SourceVersionDate "2010.11.26"]
[SourceQuality "1"]

1. e4 e6 2. d4 d5 3. Nd2 c5 4. exd5 Qxd5 5. Ngf3 cxd4 6. Bc4 Qd8 7. Nb3 Nf6 8. 0-0 Be7 9. Nfxd4 a6 10. a4 0-0 11. Bg5 Qc7 12. Bd3 b6 13. Qe2 Bb7 14. c4 Rd8 15. Rac1 Nc6 16. Be3 Rd7 17. Rfd1 Rad8 18. Bb1 Bd6 19. g3 Be5 20. Nf3 Rxd1+ 21. Rxd1 Rxd1+ 22. Qxd1 Bxb2 23. c5 b5 24. axb5 axb5 25. Qe2 Qd7 26. Qd3 1/2-1/2

[Event "Quebec op U2000"]
[Site "Montreal"]
[Date "2008.07.27"]
[Round "9"]
[White "Liu, Weixi"]
[Black "Armstrong, Robert J"]
[Result "1/2-1/2"]
[WhiteElo "1950"]
[BlackElo "1783"]
[PlyCount "74"]
[EventDate "2008.07.19"]
[EventType "swiss"]
[EventRounds "8"]
[EventCountry "CAN"]
[SourceTitle "EXT 2011"]
[Source "ChessBase"]
[SourceDate "2010.11.26"]
[SourceVersion "1"]
[SourceVersionDate "2010.11.26"]
[SourceQuality "1"]

1. d4 g6 2. c4 Bg7 3. Nc3 Nf6 4. e4 d6 5. f3 0-0 6. Be3 Nfd7 7. g4 c5 8. Nge2 cxd4 9. Nxd4 Nc6 10. Qd2 Nxd4 11. Bxd4 Ne5 12. Be2 Be6 13. Nd5 Qd7 14. b3 Bxd5 15. cxd5 a6 16. Rg1 Qe8 17. Qb2 f6 18. f4 Nd7 19. 0-0-0 b5 20. Kb1 b4 21. h4 Nc5 22. Bd3 Nxd3 23. Rxd3 Qb5 24. Rh3 a5 25. g5 a4 26. h5 Kf7 27. gxf6 Bxf6 28. e5 dxe5 29. fxe5 Qxd5 30. hxg6+ hxg6 31. Rh7+ Bg7 32. Rxg7+ Ke8 33. Qg2 Rf1+ 34. Qxf1 Qe4+ 35. Ka1 Qxd4+ 36. Kb1 Qe4+ 37. Ka1 Qd4+ 1/2-1/2

[Event "Winnipeg TNT April op"]
[Site "Winnipeg"]
[Date "2008.04.15"]
[Round "3"]
[White "Green, Jim"]
[Black "Liu, Weixi"]
[Result "0-1"]
[WhiteElo "1667"]
[BlackElo "1953"]
[PlyCount "77"]
[EventDate "2008.01.04"]
[EventType "swiss"]
[EventRounds "5"]
[EventCountry "CAN"]
[SourceTitle "EXT 2011"]
[Source "ChessBase"]
[SourceDate "2010.11.26"]
[SourceVersion "1"]
[SourceVersionDate "2010.11.26"]
[SourceQuality "1"]

1. e4 e6 2. d3 d5 3. Nd2 c5 4. Ngf3 Nc6 5. g3 Qc7 6. Bg2 d4 7. 0-0 Nge7 8. Nc4 Ng6 9. a4 e5 10. Ne1 Be6 11. f4 exf4 12. Bxf4 Nxf4 13. Rxf4 Bxc4 14. dxc4 Bd6 15. Rf2 Ne5 16. b3 0-0-0 17. Nd3 Nxd3 18. cxd3 h5 19. Bh3+ Kb8 20. Qf3 Rdf8 21. Raf1 g5 22. Bf5 g4 23. Qe2 a6 24. Re1 Be5 25. Rg2 Rfg8 26. Rf1 Rg7 27. Kf2 h4 28. Ke1 hxg3 29. hxg3 Bxg3+ 30. Kd1 Bf4 31. Bxg4 Be3 32. Bf3 Rgh7 33. Rfg1 Bxg1 34. Rxg1 Qb6 35. Kc2 Qb4 36. Kb2 Rh2 37. Rg2 Qc3+ 38. Ka3 Rh1 39. Rg8+ 0-1

[Event "Winnipeg TNT February op"]
[Site "Winnipeg"]
[Date "2008.02.19"]
[Round "3"]
[White "Liu, Weixi"]
[Black "Mundwiler, Les"]
[Result "1-0"]
[WhiteElo "1905"]
[BlackElo "2049"]
[PlyCount "55"]
[EventDate "2008.02.05"]
[EventType "swiss"]
[EventRounds "4"]
[EventCountry "CAN"]
[SourceTitle "EXT 2011"]
[Source "ChessBase"]
[SourceDate "2010.11.26"]
[SourceVersion "1"]
[SourceVersionDate "2010.11.26"]
[SourceQuality "1"]

1. d4 d5 2. c4 e6 3. Nf3 Nf6 4. Nc3 a6 5. Bg5 Be7 6. e3 dxc4 7. Bxc4 b5 8. Bd3 Bb7 9. 0-0 Nbd7 10. a3 c5 11. Rc1 cxd4 12. Nxd4 0-0 13. Qe2 Qb6 14. Ne4 h6 15. Bh4 Rac8 16. Bb1 Ba8 17. f3 b4 18. axb4 Qxb4 19. Rxc8 Rxc8 20. Qxa6 Bb7 21. Qe2 Qa5 22. Nxf6+ Nxf6 23. Rd1 Ba6 24. Qe1 Bb4 25. Qg3 Kf8 26. Bxf6 gxf6 27. Qh4 Kg7 28. Nxe6+ 1-0

[Event "Winnipeg February Sect-A"]
[Site "Winnipeg"]
[Date "2008.02.10"]
[Round "5"]
[White "Liu, Weixi"]
[Black "Bince, Rolando"]
[Result "0-1"]
[WhiteElo "1905"]
[BlackElo "1924"]
[PlyCount "90"]
[EventDate "2008.02.10"]
[EventType "tourn"]
[EventRounds "5"]
[EventCountry "CAN"]
[SourceTitle "EXT 2019"]
[Source "ChessBase"]
[SourceDate "2018.10.10"]
[SourceVersion "1"]
[SourceVersionDate "2018.10.10"]
[SourceQuality "1"]

1. d4 Nf6 2. c4 e6 3. Nf3 Bb4+ 4. Nbd2 c5 5. a3 Qa5 6. e3 Nc6 7. Bd3 cxd4 8. exd4 d5 9. 0-0 Bxd2 10. Bxd2 Qb6 11. c5 Qc7 12. b4 a6 13. a4 0-0 14. b5 Ne7 15. Ne5 Ng6 16. f4 Ne4 17. b6 Qd8 18. Rf3 f5 19. Rh3 Nf6 20. Be2 Ne4 21. Bh5 Nxe5 22. fxe5 Bd7 23. Bb4 Bc6 24. Bd2 Qe7 25. Be2 Rf7 26. Bd3 g6 27. Bc2 h5 28. Bf4 Rh7 29. a5 Rf8 30. Rc1 Qf7 31. Ra3 Qe7 32. Ba4 g5 33. Bd2 Rg7 34. Be1 g4 35. Qe2 Re8 36. Rc2 Qg5 37. Bd2 f4 38. Qf1 Rf7 39. Kh1 Nxd2 40. Rxd2 f3 41. Rf2 fxg2+ 42. Qxg2 Qc1+ 43. Qg1 Qxa3 44. Rxf7 Kxf7 45. Qf2+ Qf3+ 0-1

[Event "Winnipeg Kent Oliver Memorial"]
[Site "Winnipeg"]
[Date "2008.01.13"]
[Round "5"]
[White "Kaptsan, Aron"]
[Black "Liu, Weixi"]
[Result "1-0"]
[WhiteElo "1985"]
[BlackElo "1922"]
[PlyCount "43"]
[EventDate "2008.01.11"]
[EventType "swiss"]
[EventRounds "5"]
[EventCountry "CAN"]
[SourceTitle "EXT 2011"]
[Source "ChessBase"]
[SourceDate "2010.11.26"]
[SourceVersion "1"]
[SourceVersionDate "2010.11.26"]
[SourceQuality "1"]

1. e4 e6 2. d4 d5 3. Nd2 Nc6 4. Ngf3 Nf6 5. e5 Nd7 6. Bb5 a6 7. Bxc6 bxc6 8. 0-0 c5 9. c4 c6 10. Re1 Be7 11. Qa4 Bb7 12. cxd5 cxd5 13. dxc5 Bxc5 14. Qg4 g6 15. Nb3 h5 16. Qg3 Be7 17. Bg5 Bxg5 18. Nxg5 0-0 19. Nxe6 fxe6 20. Qxg6+ Kh8 21. Qxh5+ Kg8 22. Qg6+ 1-0

[Event "Winnipeg Kent Oliver Memorial"]
[Site "Winnipeg"]
[Date "2008.01.12"]
[Round "2"]
[White "Liu, Weixi"]
[Black "Lipnowski, Samuel"]
[Result "1/2-1/2"]
[WhiteElo "1922"]
[BlackElo "2290"]
[PlyCount "63"]
[EventDate "2008.01.11"]
[EventType "swiss"]
[EventRounds "5"]
[EventCountry "CAN"]
[SourceTitle "EXT 2011"]
[Source "ChessBase"]
[SourceDate "2010.11.26"]
[SourceVersion "1"]
[SourceVersionDate "2010.11.26"]
[SourceQuality "1"]

1. d4 d5 2. c4 c6 3. Nf3 Nf6 4. Nc3 dxc4 5. a4 Bf5 6. e3 e6 7. Bxc4 Bb4 8. 0-0 Nbd7 9. Nh4 Bg6 10. Nxg6 hxg6 11. Qb3 Qc7 12. f4 a5 13. e4 Qb6 14. Ne2 0-0-0 15. e5 Nd5 16. Bxd5 cxd5 17. Bd2 Bxd2 18. Qc2+ Kb8 19. Qxd2 Rc8 20. Rfc1 Rxc1+ 21. Rxc1 Rc8 22. Rxc8+ Kxc8 23. h3 Qb4 24. Qc3+ Kd8 25. b3 Nb8 26. Qxb4 axb4 27. Kf2 b5 28. axb5 Kc7 29. Ke3 Kb6 30. Kd3 Kxb5 31. Ke3 Nc6 32. Kd3 1/2-1/2

[Event "Winnipeg TNT January op"]
[Site "Winnipeg"]
[Date "2008.01.08"]
[Round "1"]
[White "Liu, Weixi"]
[Black "Trueman, Francis"]
[Result "1-0"]
[WhiteElo "1922"]
[BlackElo "1455"]
[PlyCount "47"]
[EventDate "2008.01.08"]
[EventType "swiss"]
[EventRounds "4"]
[EventCountry "CAN"]
[SourceTitle "EXT 2011"]
[Source "ChessBase"]
[SourceDate "2010.11.26"]
[SourceVersion "1"]
[SourceVersionDate "2010.11.26"]
[SourceQuality "1"]

1. d4 Nf6 2. c4 d6 3. Nc3 g6 4. e4 Bg7 5. f3 0-0 6. Be3 Nbd7 7. Qd2 e5 8. d5 a5 9. g4 c6 10. Nge2 a4 11. Ng3 c5 12. Bd3 Nb6 13. Bh6 Nxg4 14. fxg4 Bxg4 15. Bxg7 Kxg7 16. Nce2 Bf3 17. Rf1 Bg4 18. 0-0-0 h5 19. Rf2 h4 20. Nh1 Qd7 21. Rg1 Kh7 22. Qg5 Bxe2 23. Bxe2 Qd8 24. Rxf7+ 1-0

[Event "Winnipeg TNT October op"]
[Site "Winnipeg"]
[Date "2007.10.16"]
[Round "3"]
[White "Khedkar, Jay S"]
[Black "Liu, Weixi"]
[Result "0-1"]
[WhiteElo "1970"]
[BlackElo "1919"]
[PlyCount "36"]
[EventDate "2007.10.02"]
[EventType "swiss"]
[EventRounds "5"]
[EventCountry "CAN"]
[SourceTitle "EXT 2022"]
[Source "ChessBase"]
[SourceDate "2021.10.06"]
[SourceVersion "1"]
[SourceVersionDate "2021.10.06"]
[SourceQuality "1"]

1. d4 d5 2. c4 c6 3. Nc3 Nf6 4. Nf3 e6 5. e3 Be7 6. Bd3 0-0 7. 0-0 dxc4 8. Bxc4 c5 9. Qe2 a6 10. a4 Nc6 11. Rd1 Qc7 12. e4 Ng4 13. g3 cxd4 14. Bf4 e5 15. Nd5 Qd8 16. Nxd4 Nxd4 17. Rxd4 exd4 18. Rd1 Bc5 0-1

[Event "Winnipeg TNT October op"]
[Site "Winnipeg"]
[Date "2007.10.02"]
[Round "1"]
[White "Reimer, Bruce"]
[Black "Liu, Weixi"]
[Result "0-1"]
[WhiteElo "1541"]
[BlackElo "1919"]
[PlyCount "52"]
[EventDate "2007.10.02"]
[EventType "swiss"]
[EventRounds "5"]
[EventCountry "CAN"]
[SourceTitle "EXT 2022"]
[Source "ChessBase"]
[SourceDate "2021.10.06"]
[SourceVersion "1"]
[SourceVersionDate "2021.10.06"]
[SourceQuality "1"]

1. e4 e6 2. c4 c6 3. Nf3 d5 4. cxd5 cxd5 5. Bb5+ Nc6 6. exd5 exd5 7. 0-0 Bd6 8. Qa4 Nge7 9. Nd4 Qc7 10. Bxc6+ bxc6 11. g3 0-0 12. Re1 Bb7 13. b3 a6 14. b4 Be5 15. Bb2 Nf5 16. Ne6 fxe6 17. Bxe5 Qf7 18. Re2 d4 19. f4 Qh5 20. Rf2 c5 21. bxc5 Rac8 22. Na3 Nxg3 23. Qc4 Bd5 24. Qxa6 Qf5 25. hxg3 Qh3 26. Rh2 Qxg3+ 0-1

[Event "Winnipeg Yanofsky Memorial"]
[Site "Winnipeg"]
[Date "2007.09.01"]
[Round "2"]
[White "Lauritson, Jim"]
[Black "Liu, Weixi"]
[Result "0-1"]
[WhiteElo "1953"]
[BlackElo "1831"]
[PlyCount "51"]
[EventDate "2007.08.31"]
[EventType "swiss"]
[EventRounds "5"]
[EventCountry "CAN"]
[SourceTitle "EXT 2022"]
[Source "ChessBase"]
[SourceDate "2021.10.06"]
[SourceVersion "1"]
[SourceVersionDate "2021.10.06"]
[SourceQuality "1"]

1. d4 d5 2. c4 c6 3. Nf3 Nf6 4. Nc3 dxc4 5. a4 Bf5 6. e3 e6 7. Bxc4 Nbd7 8. 0-0 h6 9. Qe2 Be7 10. e4 Bh7 11. d5 e5 12. dxc6 bxc6 13. b3 0-0 14. Bb2 Qc7 15. Rfd1 Bb4 16. Nd2 Nb6 17. f3 Nfd7 18. Rac1 Kh8 19. Nf1 Bc5+ 20. Kh1 f6 21. Be6 Rfd8 22. a5 Nc8 23. b4 Bf8 24. b5 Nc5 25. Bh3 cxb5 26. Nxb5 0-1

[Event "Winnipeg Yanofsky Memorial"]
[Site "Winnipeg"]
[Date "2007.09.01"]
[Round "3"]
[White "Liu, Weixi"]
[Black "Langner, David"]
[Result "0-1"]
[WhiteElo "1831"]
[BlackElo "2261"]
[PlyCount "46"]
[EventDate "2007.08.31"]
[EventType "swiss"]
[EventRounds "5"]
[EventCountry "CAN"]
[SourceTitle "EXT 2022"]
[Source "ChessBase"]
[SourceDate "2021.10.06"]
[SourceVersion "1"]
[SourceVersionDate "2021.10.06"]
[SourceQuality "1"]

1. d4 Nf6 2. c4 e6 3. Nf3 b6 4. Bg5 h6 5. Bh4 Bb4+ 6. Nbd2 Bb7 7. e3 g5 8. Bg3 g4 9. a3 gxf3 10. axb4 fxg2 11. Bxg2 Bxg2 12. Rg1 Bb7 13. Bh4 d6 14. e4 Nbd7 15. f4 e5 16. fxe5 dxe5 17. dxe5 Qe7 18. exf6 Qxb4 19. Qc2 0-0-0 20. 0-0-0 Nc5 21. Kb1 Rxd2 22. Qxd2 Bxe4+ 23. Kc1 Nb3# 0-1

[Event "Winnipeg TNT Aug op"]
[Site "Winnipeg"]
[Date "2007.08.28"]
[Round "4"]
[White "Oberton, Daniel"]
[Black "Liu, Weixi"]
[Result "1/2-1/2"]
[WhiteElo "2011"]
[BlackElo "1801"]
[PlyCount "93"]
[EventDate "2007.08.07"]
[EventType "swiss"]
[EventRounds "4"]
[EventCountry "CAN"]
[SourceTitle "EXT 2019"]
[Source "ChessBase"]
[SourceDate "2018.10.10"]
[SourceVersion "1"]
[SourceVersionDate "2018.10.10"]
[SourceQuality "1"]

1. e4 e6 2. d4 d5 3. Nc3 Bb4 4. e5 c5 5. a3 Bxc3+ 6. bxc3 Qa5 7. Bd2 Qa4 8. Qb1 a6 9. Qb3 Qxb3 10. cxb3 Nc6 11. Nf3 cxd4 12. cxd4 Nge7 13. Bd3 0-0 14. 0-0 Bd7 15. Rfc1 Rfc8 16. g4 Na7 17. Ba5 Bb5 18. Bxb5 Nxb5 19. a4 Na7 20. Bb6 Nac6 21. Bc5 Ng6 22. Rc3 Nf4 23. Kf1 Na5 24. Rac1 Rc6 25. Bb6 Rxc3 26. Rxc3 Nc6 27. Ne1 Rc8 28. Ng2 Ng6 29. f4 Nge7 30. Ne3 g6 31. Ke2 h6 32. h3 Kf8 33. Bc5 Kg7 34. Bxe7 Nxe7 35. Rxc8 Nxc8 36. f5 gxf5 37. gxf5 Na7 38. fxe6 fxe6 39. Kf3 Nc6 40. Nc2 Kg6 41. Kg4 Na5 42. b4 Nb3 43. a5 Nd2 44. Ne1 Nb3 45. Nc2 Nd2 46. Ne1 Nb3 47. Nc2 1/2-1/2

[Event "Winnipeg TNT Aug op"]
[Site "Winnipeg"]
[Date "2007.08.21"]
[Round "3"]
[White "Liu, Weixi"]
[Black "Pottinger, Carl"]
[Result "0-1"]
[WhiteElo "1801"]
[BlackElo "1856"]
[PlyCount "74"]
[EventDate "2007.08.07"]
[EventType "swiss"]
[EventRounds "4"]
[EventCountry "CAN"]
[SourceTitle "EXT 2019"]
[Source "ChessBase"]
[SourceDate "2018.10.10"]
[SourceVersion "1"]
[SourceVersionDate "2018.10.10"]
[SourceQuality "1"]

1. d4 Nf6 2. c4 e6 3. Nf3 d5 4. cxd5 exd5 5. Bg5 Be7 6. Nc3 0-0 7. e3 c6 8. Qc2 Bg4 9. Bd3 Nbd7 10. h3 Bh5 11. Ne5 Bg6 12. Nxg6 fxg6 13. 0-0 Ne8 14. Bxe7 Qxe7 15. Rab1 Nd6 16. b4 b5 17. Ne2 Nc4 18. Qd1 Nxe3 19. fxe3 Qxe3+ 20. Kh1 Rxf1+ 21. Qxf1 Qxd3 22. Rb3 Qe4 23. Rc3 Rf8 24. Rf3 Rxf3 25. Qxf3 Qxf3 26. gxf3 Kf7 27. Kg2 Nb6 28. Nc3 Nc4 29. Nd1 Na3 30. Ne3 Nc4 31. Nc2 Ke6 32. Kg3 Kf5 33. f4 Ke4 34. Kg4 Ne3+ 35. Nxe3 Kxe3 36. f5 gxf5+ 37. Kxf5 Kxd4 0-1

[Event "Winnipeg TNT July op"]
[Site "Winnipeg"]
[Date "2007.07.10"]
[Round "2"]
[White "Liu, Weixi"]
[Black "Magnusson, Saul"]
[Result "1-0"]
[WhiteElo "1807"]
[BlackElo "915"]
[PlyCount "43"]
[EventDate "2007.07.03"]
[EventType "swiss"]
[EventRounds "5"]
[EventCountry "CAN"]
[SourceTitle "EXT 2019"]
[Source "ChessBase"]
[SourceDate "2018.10.10"]
[SourceVersion "1"]
[SourceVersionDate "2018.10.10"]
[SourceQuality "1"]

1. d4 d5 2. c4 e6 3. Nf3 Nf6 4. Bg5 Be7 5. e3 Ne4 6. Bxe7 Qxe7 7. Nc3 Nxc3 8. bxc3 c6 9. Qc2 Nd7 10. cxd5 exd5 11. Bd3 h6 12. 0-0 Nf6 13. Rab1 Ne4 14. Ne5 f6 15. Ng6 Qe6 16. Nxh8 g5 17. c4 f5 18. cxd5 cxd5 19. Bxe4 fxe4 20. Qc7 g4 21. Qe5 g3 22. Qxe6+ 1-0

[Event "Winnipeg TNT June op"]
[Site "Winnipeg"]
[Date "2007.06.26"]
[Round "4"]
[White "Liu, Weixi"]
[Black "Rutter, Blair A"]
[Result "1/2-1/2"]
[WhiteElo "1654"]
[BlackElo "1893"]
[PlyCount "85"]
[EventDate "2007.06.05"]
[EventType "swiss"]
[EventRounds "4"]
[EventCountry "CAN"]
[SourceTitle "EXT 2019"]
[Source "ChessBase"]
[SourceDate "2018.10.10"]
[SourceVersion "1"]
[SourceVersionDate "2018.10.10"]
[SourceQuality "1"]

1. d4 d5 2. c4 c6 3. Nf3 Bg4 4. Ne5 Bf5 5. Qb3 Qc7 6. Bf4 dxc4 7. Qxc4 Be6 8. Qc2 Qb6 9. e3 Nf6 10. Bd3 g6 11. Nc3 Bg7 12. h4 Nh5 13. Bh2 Nd7 14. Nc4 Qd8 15. Nd2 f5 16. Nf3 0-0 17. Ng5 Bf7 18. Be2 Nhf6 19. Bf4 c5 20. g4 cxd4 21. exd4 Rc8 22. h5 Nd5 23. Bd2 e5 24. hxg6 Bxg6 25. Ne6 Qf6 26. Nxf8 Nxc3 27. Nxg6 hxg6 28. dxe5 Qxe5 29. Bxc3 Rxc3 30. Qd2 Rc7 31. gxf5 Qxf5 32. Qd3 Qf6 33. Rg1 Ne5 34. Qb3+ Kf8 35. Qa3+ Re7 36. Kf1 Qh4 37. Rc1 Bf6 38. Rc7 Kf7 39. Rxe7+ Bxe7 40. Qb3+ Kf6 41. Qxb7 Bc5 42. Qg2 Qf4 43. Qg3 1/2-1/2

[Event "Winnipeg TNT May op"]
[Site "Winnipeg"]
[Date "2007.05.22"]
[Round "4"]
[White "Lauritson, Jim"]
[Black "Liu, Weixi"]
[Result "1/2-1/2"]
[WhiteElo "1916"]
[BlackElo "1515"]
[PlyCount "89"]
[EventDate "2007.05.01"]
[EventType "swiss"]
[EventRounds "5"]
[EventCountry "CAN"]
[SourceTitle "EXT 2022"]
[Source "ChessBase"]
[SourceDate "2021.10.06"]
[SourceVersion "1"]
[SourceVersionDate "2021.10.06"]
[SourceQuality "1"]

1. d4 d5 2. c4 c6 3. Nf3 dxc4 4. e3 b5 5. a4 Bb7 6. b3 cxb3 7. axb5 Qb6 8. Qxb3 e6 9. Nbd2 Nf6 10. Nc4 Qd8 11. Nce5 Qc8 12. Ng5 Be7 13. Ngxf7 0-0 14. Bc4 Nd5 15. e4 Nc7 16. b6 axb6 17. Rxa8 Bxa8 18. Ng5 Bxg5 19. Bxg5 h6 20. Bd2 c5 21. dxc5 bxc5 22. f3 Re8 23. 0-0 Nc6 24. Nxc6 Bxc6 25. Be3 Na6 26. Ra1 Bb7 27. Qb6 Nb8 28. Qxc5 Qxc5 29. Bxc5 Kh7 30. Bd6 Nc6 31. e5 Nd4 32. Ra7 Bc6 33. Kf2 Nb5 34. Re7 Rxe7 35. Bxe7 Nc7 36. Bd6 Nd5 37. g3 Kg6 38. Bd3+ Kf7 39. f4 Bd7 40. Ba6 Bc6 41. Bc8 Nb6 42. Ba6 Nd5 43. Bd3 Bd7 44. Kf3 Bc6 45. Be4 1/2-1/2

[Event "Winnipeg TNT April op"]
[Site "Winnipeg"]
[Date "2007.04.17"]
[Round "3"]
[White "Booth, Kevin"]
[Black "Liu, Weixi"]
[Result "1/2-1/2"]
[WhiteElo "1642"]
[BlackElo "1515"]
[PlyCount "45"]
[EventDate "2007.04.03"]
[EventType "swiss"]
[EventRounds "4"]
[EventCountry "CAN"]
[SourceTitle "EXT 2019"]
[Source "ChessBase"]
[SourceDate "2018.10.10"]
[SourceVersion "1"]
[SourceVersionDate "2018.10.10"]
[SourceQuality "1"]

1. d4 d5 2. c4 c6 3. Nf3 Nf6 4. Nc3 dxc4 5. e3 b5 6. Be2 e6 7. 0-0 Bd6 8. a4 Bd7 9. b3 b4 10. Na2 c3 11. Qd3 a5 12. e4 Be7 13. Ne5 Bc8 14. Nc4 c5 15. Be3 cxd4 16. Bxd4 Nc6 17. Nb6 Ba6 18. Qe3 Bxe2 19. Bxf6 Bxf6 20. Qc5 Ne7 21. Nxa8 Qxa8 22. Rfe1 Qxe4 23. Nc1 1/2-1/2